000
00310pab a2200133 454500
008
180718b xxu||||| |||| 00| 0 eng d
100
_a
Simba, S.L.N.
245
_a
The Stock Market Scandal
650
_a
Mehta
650
_a
Stock-Market
650
_a
Corruption
773
_a
Financial Express
909
_a
21807
999
_c
21807
_d
21807